Ecological Health: (Record no. 1428871)

MARC details
000 -LEADER
fixed length control field 00767nam a22002297a 4500
003 - CONTROL NUMBER IDENTIFIER
control field OSt
005 - DATE AND TIME OF LATEST TRANSACTION
control field 20250520120010.0
008 - FIXED-LENGTH DATA ELEMENTS--GENERAL INFORMATION
fixed length control field 250520b |||||||| |||| 00| 0 eng d
020 ## - INTERNATIONAL STANDARD BOOK NUMBER
International Standard Book Number 9781781903230
040 ## - CATALOGING SOURCE
Transcribing agency rda
100 ## - MAIN ENTRY--PERSONAL NAME
Personal name Gislason. Maya K..,
Relator term editor
9 (RLIN) 809048
245 ## - TITLE STATEMENT
Title Ecological Health:
Remainder of title Society, Ecology and Health
Statement of responsibility, etc. edited by Maya K. Gislason
260 ## - PUBLICATION, DISTRIBUTION, ETC.
Place of publication, distribution, etc. UK:
Name of publisher, distributor, etc. Emerald,
Date of publication, distribution, etc. 2013.
300 ## - PHYSICAL DESCRIPTION
Extent xxi,334p.
490 ## - SERIES STATEMENT
Series statement Advances in Medical Sociology
Volume/sequential designation v.15
500 ## - GENERAL NOTE
General note Series editor : Barbara Katz Rothman, Gary L. Albrecht and Judith A. Levy
650 ## - SUBJECT ADDED ENTRY--TOPICAL TERM
Source of heading or term Health
700 ## - ADDED ENTRY--PERSONAL NAME
Personal name Rothman, Barbara Katz.,
Relator term editor
9 (RLIN) 809049
700 ## - ADDED ENTRY--PERSONAL NAME
Personal name Levy, Judith A..,
Relator term editor
9 (RLIN) 809050
700 ## - ADDED ENTRY--PERSONAL NAME
Personal name Albrecht, Gary L..,
Relator term editor
9 (RLIN) 809051
942 ## - ADDED ENTRY ELEMENTS (KOHA)
Source of classification or shelving scheme Colon Classification (CC)
Koha item type General Books
Edition 1
Suppress in OPAC No
Holdings
Withdrawn status Lost status Source of classification or shelving scheme Damaged status Not for loan Home library Current library Shelving location Date acquired Cost, normal purchase price Total Checkouts Full call number Barcode Date last seen Price effective from Koha item type
    Colon Classification (CC)     Faculty of Management Library Faculty of Management Library General Stacks 2020-02-21 174.99   Y1(L) Q3 ML1635308 2025-05-20 2025-05-20 General Books
Copyright @ Delhi University Library System